Search the Library Catalogue
| 000 -LEADER | |
|---|---|
| fixed length control field | 00710nam a2200229Ia 4500 |
| 008 - FIXED-LENGTH DATA ELEMENTS--GENERAL INFORMATION | |
| fixed length control field | 191130s2004##################000#0#eng## |
| 020 ## - INTERNATIONAL STANDARD BOOK NUMBER | |
| ISBN | 9780071432436 |
| 082 ## - DEWEY DECIMAL CLASSIFICATION NUMBER | |
| Classification number | 796.357092 REI |
| 100 ## - MAIN ENTRY--AUTHOR NAME | |
| Personal name | Reisler, Jim |
| 245 ## - TITLE STATEMENT | |
| Title | Babe Ruth : launching the legend |
| Statement of responsibility, etc | Jim Reisler |
| 260 ## - PUBLICATION, DISTRIBUTION, ETC. (IMPRINT) | |
| Place of publication | New York |
| Name of publisher | McGraw-Hill |
| Year of publication | c2004 |
| 300 ## - PHYSICAL DESCRIPTION | |
| Number of Pages | xvi, 288 p. : ill. ; 24 cm |
| 500 ## - GENERAL NOTE | |
| General note | Includes bibliographical references (p. 271-274) and index |
| 650 ## - SUBJECT ADDED ENTRY--TOPICAL TERM | |
| Topical Term | Baseball - United States - History |
| Topical Term | New York Yankees (Baseball team) |
| Topical Term | Ruth, Babe, 1895-1948 |
| 991 ## - | |
| -- | 311832 |
| Withdrawn status | Lost status | Damaged status | Not for loan | Home library | Current library | Shelving location | Date acquired | Full call number | Accession Number | Price effective from | Koha item type |
|---|---|---|---|---|---|---|---|---|---|---|---|
| Anna Centenary Library | Anna Centenary Library | 6TH FLOOR, B WING | 17.10.2020 | 796.357092 REI | 470384 | 17.10.2020 | English Books |